| Tag |
First Indicator |
Second Indicator |
Subfields |
| LEADER |
00000cam a2200000 4500 |
| 001 |
in00000052760 |
| 005 |
20151007074125.0 |
| 008 |
741010s1966 ne a b 00010 eng u |
| 010 |
|
|
|a 65012561
|
| 035 |
|
|
|a (OCoLC)01036714
|
| 035 |
|
|
|9 AAF0983AM
|
| 040 |
|
|
|c AKR
|d TXA
|d UtOrBLW
|
| 049 |
|
|
|a TXAM
|c [458240]
|
| 050 |
0 |
0 |
|a QD549
|b .S5273 1966
|
| 082 |
0 |
|
|a 541.3451
|
| 092 |
|
|
|a 541.3451
|b S545c, 1966
|
| 100 |
1 |
|
|a Sheludko, Aleksei,
|d 1920-
|
| 245 |
1 |
0 |
|a Colloid chemistry /
|c by A. Sheludko.
|
| 250 |
|
|
|a [New rev. English ed.].
|
| 264 |
|
1 |
|a Amsterdam,
|a New York :
|b Elsevier Pub. Co.,
|c 1966.
|
| 300 |
|
|
|a x, 277 pages :
|b illustrations ;
|c 24 cm.
|
| 336 |
|
|
|a text
|b txt
|2 rdacontent
|
| 337 |
|
|
|a unmediated
|b n
|2 rdamedia
|
| 338 |
|
|
|a volume
|b nc
|2 rdacarrier
|
| 504 |
|
|
|a Includes bibliographies.
|
| 650 |
|
0 |
|a Colloids.
|
| 999 |
|
|
|a MARS
|
| 999 |
f |
f |
|s 26dca2bf-4da6-372d-8170-11eaa229e840
|i 45eb2377-a0e3-3b28-b63b-381380168177
|t 0
|
| 952 |
f |
f |
|p ric
|a Texas A&M University
|b Rellis Campus
|c Joint Library Facility
|s JLF
|d Remote Storage
|t 0
|e QD549 .S5273 1966
|h Library of Congress classification
|i unmediated -- volume
|m A14800936208
|
| 998 |
f |
f |
|a QD549 .S5273 1966
|t 0
|l Remote Storage
|